Good Luck Charlie - Gracie Abrams - Statistics

General Stats
  • This quiz has been taken 81 times
    23 since last reset
  • The average score is 146 of 161
Answer Stats
Hint Answer % Correct
a
100%
and
100%
Pre-Chorus And
100%
at
100%
Audrey
100%
bartender
100%
Charlie
100%
dead
100%
for
100%
go
100%
Chorus | Outro Good
100%
He
100%
her
100%
I
100%
in
100%
inside
100%
keep
100%
love
100%
luck,
100%
of
100%
picture
100%
she
100%
the
100%
thought
100%
wallet
100%
was
100%
when
100%
Verse 1 You
100%
you
100%
your
100%
all
89%
But
89%
'Cause
89%
comes
89%
down
89%
happy
89%
hope
89%
is
89%
isn't
89%
it
89%
It
89%
it's
89%
know
89%
life
89%
not
89%
nothin'
89%
or
89%
plane,
89%
sky
89%
that
89%
This
89%
this
89%
to
89%
wanted
89%
what
89%
you're
89%
bet
78%
drink
78%
fly
78%
head
78%
his
78%
I'll
78%
joke
78%
live
78%
lost
78%
made
78%
Michigan,
78%
nearly
78%
night
78%
nightmare
78%
now
78%
Pre-Chorus | Verse 2 Now
78%
on
78%
out
78%
over
78%
Right
78%
see
78%
watched
78%
Went
78%
wing
78%
can
67%
everywhere,
67%
feel
67%
home
67%
lakes,
67%
need
67%
ready
67%
really
67%
might
56%
No matching quizzes found
Score Distribution
Percent of People with Each Score
Percentile by Number Answered
Your Score History
You have not taken this quiz since the last reset